=LDR 00000nam 2200000 4500 =001 NUTBA000000000003996 =005 20140901112424.0 =006 =007 =008 =020 ##$$a 978-602-978-447-3 =035 ##$$a 0010-091400000000029 =040 ##$$a Ind =082 ##$$a 612.82 =090 ##$$a 612..82$bMuh r =100 ##$$a Muhammad, As'adi =245 ##$$a Rahasia perbedaab otak pria dan wanita$cAs'adi muhammad =250 ##$$a Cet.1 =260 ##$$a Jogjakarta$bFlashbooks$c2011. =300 ##$$a 157 HLm$bIlus$c21 cm =850 ##$$a NBPNMAT =990 ##$$a 21105720 =990 ##$$a 0001/BPAP-NTB/20142014